Competencia de Juzgados de Familia: análisis del artículo 8 de la Ley 19.968
Saved in:
| Hovedforfatter: | |
|---|---|
| Format: | Bog |
| Sprog: | spansk |
| Udgivet: |
Santiago
Metropolitana
2010
|
| Serier: | Derecho de Familia
|
| Fag: | |
| Tags: |
Tilføj Tag
Ingen Tags, Vær først til at tagge denne postø!
|
MARC
| LEADER | 00000nam a2200000 a 4500 | ||
|---|---|---|---|
| 001 | UCG5264 | ||
| 003 | CL-VaPUC | ||
| 008 | 110120e20101000CL |||||||||||||||||spa|d | ||
| 020 | |a 9789562861212 | ||
| 082 | 0 | 4 | |a 346.015 |b GAR |2 21 |
| 100 | |a Garrido Chacana, Carlos |9 737472 | ||
| 245 | 1 | 0 | |a Competencia de Juzgados de Familia: análisis del artículo 8 de la Ley 19.968 |
| 300 | |a 785 p | ||
| 942 | |c BK | ||
| 945 | |d 20110120 00:00:00 |a dcastane | ||
| 260 | |a Santiago |b Metropolitana |c 2010 | ||
| 650 | 0 | |a Derecho de familia |9 255603 | |
| 650 | 0 | |a Derecho procesal penal |9 255496 | |
| 650 | 0 | |a Mediación familiar |9 466593 | |
| 650 | 7 | |a JUZGADOS DE FAMILIA |2 CL-VaPUC |9 554905 | |
| 650 | 7 | |a TRIBUNALES DE FAMILIA |2 CL-VaPUC |9 554906 | |
| 650 | 0 | |a Violencia intrafamiliar |9 312986 | |
| 650 | 0 | |a Mediación |9 338396 | |
| 651 | 7 | |a CHILE |2 CL-VaPUC |9 554907 | |
| 583 | |a last modification |c 20110120 00:00:00 |k Rodrigo Vera | ||
| 490 | 0 | |a Derecho de Familia | |
| 999 | |c 343818 |d 343816 | ||
| 952 | |0 0 |1 0 |4 0 |6 346_015000000000000_GAR_2010 |7 0 |8 A |9 441438 |a BIBDER |b BIBDER |d 2019-11-22 |i 4750152 |l 1 |o 346.015 GAR 2010 |p 4750152 |r 2023-05-23 |s 2023-05-23 |w 2019-11-22 |y BK |k DER | ||